Marketing management : strategies and programs /

Bibliographic Details
Main Author: Guiltinan, Joseph P.
Other Authors: Paul, Gordon W.
Format: Book
Language:English
Published: New York : McGraw-Hill, [1982]
Series:McGraw-Hill series in marketing.
Subjects:

MARC

Tag First Indicator Second Indicator Subfields
LEADER 00000pam a2200000 a 4500
001 in00000071648
005 20151008062328.0
008 810518s1982 nyua b 00110 eng
010 |a  81008236  
020 |a 0070489203 
035 |a (OCoLC)07555746 
035 |9 AAJ9989AM 
039 0 |a 2  |b 3  |c 3  |d 3  |e 3 
040 |a DLC  |c DLC  |d TXA  |d UtOrBLW 
049 |a TXAM  |c [1442063] 
050 0 0 |a HF5415.13  |b .G84 
082 0 |a 658.8  |2 19 
100 1 |a Guiltinan, Joseph P. 
245 1 0 |a Marketing management :  |b strategies and programs /  |c Joseph P. Guiltinan, Gordon W. Paul. 
264 1 |a New York :  |b McGraw-Hill,  |c [1982] 
264 4 |c ©1982 
300 |a xvi, 412 pages :  |b illustrations ;  |c 22 cm. 
336 |a text  |b txt  |2 rdacontent 
337 |a unmediated  |b n  |2 rdamedia 
338 |a volume  |b nc  |2 rdacarrier 
490 1 |a McGraw-Hill series in marketing 
504 |a Includes bibliographies and index. 
650 0 |a Marketing  |x Management. 
700 1 |a Paul, Gordon W. 
830 0 |a McGraw-Hill series in marketing. 
999 |a MARS 
999 f f |s 612bc35a-bff2-322f-9193-d5187f266153  |i 1525f780-eee0-38bb-aa9f-bb1e19914a21  |t 0 
952 f f |p normal  |a Texas A&M University  |b College Station  |c Sterling C. Evans Library  |d Evans: Library Stacks  |t 0  |e HF5415.13 .G84  |h Library of Congress classification  |i unmediated -- volume  |m A14806134414 
998 f f |a HF5415.13 .G84  |t 0  |l Evans: Library Stacks